Οδηγός Ολοήμερου Νηπιαγωγείου (Record no. 5461)
[ view plain ]
| 000 -LEADER | |
|---|---|
| fixed length control field | 01776cam a22002414a 4500 |
| 005 - ΗΜΕΡΟΜΗΝΙΑ ΚΑΙ ΩΡΑ ΤΕΛΕΥΤΑΙΑΣ ΕΝΗΜΕΡΩΣΗΣ | |
| Πεδίο ελέγχου | 20250605164213.0 |
| 008 - FIXED-LENGTH DATA ELEMENTS--GENERAL INFORMATION | |
| Πεδίο ελέγχου σταθερού μήκους | 250528s ||||||||||||||||||||||||d |
| 035 ## - SYSTEM CONTROL NUMBER | |
| System control number | 20339 |
| 040 ## - ΠΗΓΗ ΚΑΤΑΛΟΓΟΓΡΑΦΗΣΗΣ | |
| Φορέας πρωτότυπης καταλογογράφησης | MC Athens Campus Library |
| Γλώσσα καταλογογράφησης | Ελληνικά, Μοντέρνα (1453-) |
| Modifying agency | MC Athens Campus Library |
| Κανόνες περιγραφικής καταλογογράφησης | AACR2 |
| 245 1# - ΤΙΤΛΟΣ ΚΑΙ ΔΗΛΩΣΗ ΥΠΕΥΘΥΝΟΤΗΤΑΣ | |
| Τίτλος | Οδηγός Ολοήμερου Νηπιαγωγείου |
| 250 ## - EDITION STATEMENT | |
| Edition statement | 1η |
| 260 ## - PUBLICATION, DISTRIBUTION, ETC. | |
| Name of publisher, distributor, etc. | Υπουργείο Ενικής Παιδείας Και Θρησκευμάτων |
| 300 ## - PHYSICAL DESCRIPTION | |
| Extent | 182 |
| 520 ## - SUMMARY, ETC. | |
| Summary, etc. | Ολοήμερο Νηπιαγωγείο, Σκοπός του Ολοήμερου Νηπιαγωγείου, Τα πλεονεκτήματα του Ολοήμερου Νηπιαγωγείου, Το Θεσμικό πλαίσιο, Αποτελεσματική συνεργασία των δύο νηπιαγωγών, Γονείς και εκπαιδευτικοί συνεργάτες στην εκπαίδευση των νηπίων στο ολοήμερο νηπιαγωγείο, Ζητήματα και προσκλήσεις, Συστήματα στήριξης της γονεικής συμμετοχής, Δουλεύοντας με τους γονείς, Μετάβαση των νηπίων από το νηπιαγωγείο στο δημοτικό σχολείο, Βιβλιογραφική ανασκόπηση, Βασικές αρχές ενός προγράμματος επιτυχημένης μετάβασης, Παράρτημα, Βιβλιογραφία. |
| 700 1# - ΠΡΟΣΘΕΤΗ ΑΝΑΓΡΑΦΗ--ΦΥΣΙΚΟ ΠΡΟΣΩΠΟ | |
| Personal name | Αλευριάδου Αναστασία |
| 9 (RLIN) | 6350 |
| 700 1# - ΠΡΟΣΘΕΤΗ ΑΝΑΓΡΑΦΗ--ΦΥΣΙΚΟ ΠΡΟΣΩΠΟ | |
| Personal name | Βρυνιώτη Καλλιόπη Π |
| 700 1# - ΠΡΟΣΘΕΤΗ ΑΝΑΓΡΑΦΗ--ΦΥΣΙΚΟ ΠΡΟΣΩΠΟ | |
| Personal name | Κυρίδης Αργύρης |
| 9 (RLIN) | 5538 |
| 700 1# - ΠΡΟΣΘΕΤΗ ΑΝΑΓΡΑΦΗ--ΦΥΣΙΚΟ ΠΡΟΣΩΠΟ | |
| Personal name | Σιβροπούλου-Θεοδοσιάδου Ειρήνη |
| 9 (RLIN) | 6352 |
| 700 1# - ΠΡΟΣΘΕΤΗ ΑΝΑΓΡΑΦΗ--ΦΥΣΙΚΟ ΠΡΟΣΩΠΟ | |
| Personal name | Χρυσαφίδης Κώστας |
| 9 (RLIN) | 6353 |
| 942 ## - ADDED ENTRY ELEMENTS (KOHA) | |
| Koha item type | Books |
| Τύπος τεκμηρίου | Βιβλιοθήκη | Τρέχουσα τοποθεσία | Barcode | Αριθμός εισαγωγής | Ημερομηνία απόκτησης | Ταξιθετικό σύμβολο | Αριθμός αντιτύπου | Κατάσταση απόσυρσης | Κατάσταση χαμένου | Κατάσταση κατεστραμμένου | Μη δανεισμός | Σύνολο δανεισμών | Ημερομηνία τελευταίας εμφάνισης | Η τιμή ισχύει από |
|---|---|---|---|---|---|---|---|---|---|---|---|---|---|---|
| Books | MC Athens Campus Library | MC Athens Campus Library | 9780000054609 | 6785 | 05/06/2025 | 372.2109495 ALE | 1 | 05/06/2025 | 05/06/2025 |